000 01734cam a22002654a 4500
999 _c60429
_d60429
001 15163207
005 20230717110904.0
008 080131s2008 nyua b 001 0 eng
010 _a 2008271083
020 _a9780812974447 (pbk.) X
040 _aDLC
_cDLC
050 0 0 _aBF789.E94
_bZ56 2008
080 _a159.9 Z-92
100 1 _aZimbardo, Philip G.
_919343
245 1 4 _aThe Lucifer effect :
_bunderstanding how good people turn evil /
_cPhilip Zimbardo.
250 _a2008 Random House trade pbk. ed.
260 _aNew York :
_bRandom House Trade Paperbacks,
_c2008.
300 _axx, 551 p. :
_bill. ;
_c21 cm.
505 0 _aThe psychology of evil: situated character transformations -- Sunday's surprise arrests -- Let Sunday's degradation rituals begin -- Monday's prisoner rebellion -- Tuesday's double trouble: visitors and rioters -- Wednesday is spiraling out of control -- The power to parole -- Thursday's reality confrontations -- Friday's fade to black -- The SPE's meaning and messages: the alchemy of character transformations -- The SPE: ethics and extensions -- Investigating social dynamics: power, conformity, and obedience -- Investigating social dynamics: deindividuation, dehumanization, and the evil of inaction -- Abu Ghraib's abuses and tortures: understanging and personalizing its horrors -- Putting the system on trial: command complicity -- Resisting situational influences and celebrating heroism.
650 0 _aGood and evil
_xPsychological aspects.
_919366
653 _aფსიქოლოგიური ასპექტები
906 _a0
_bibc
_corigcop
_d2
_encip
_f20
_gy-gencatlg
942 _2udc
_cBK
955 _apv15 2008-01-31 z-processor HAND CARRY to SSCD
_ish48 2008-02-01